Most Visited Countries by Japanese - Statistics

General Stats
  • This quiz has been taken 673 times
  • The average score is 9 of 10
Answer Stats
Rank Travel destination % Correct
3 United States
99%
1 China
98%
2 South Korea
97%
5 France
95%
7 Germany
89%
4 Italy
87%
9 Spain
84%
8 Thailand
82%
6 Taiwan
75%
10 Singapore
67%
No matching quizzes found
Score Distribution
Percent of People with Each Score
Percentile by Number Answered
Your Score History
You have not taken this quiz